| 000 | 00000nas 2200000za 4500 |
| 001 | 9.504331 |
| 003 | CaOODSP |
| 005 | 20250813081215 |
| 007 | cr ||||||||||| |
| 008 | 150406c20149999oncar p o f0 b0fre|d |
| 040 | |aCaOODSP|bfre |
| 043 | |an-cn--- |
| 086 | 1 |aYN1F-PDF |
| 110 | 1 |aCanada. |bBureau du Directeur parlementaire du budget. |
| 245 | 10|aCompte-rendu des activités du Bureau du directeur parlementaire du budget pour ... |h[ressource électronique]. |
| 260 | |aOttawa : |bBureau du directeur parlementaire du budget, |c2014- |
| 310 | |aAnnuel |
| 362 | 1 |aParaît depuis 2013/2014. |
| 500 | |aPubl. aussi en anglais sous le titre : ... report on activities of the Parliamentary Budget Office. |
| 691 | 07|aPolitique fiscale|2gcpds |
| 691 | 07|aParlement|2gcpds |
| 775 | 08|t... report on activities of the Parliamentary Budget Office |w(CaOODSP)9.507954 |